Urban Environment (Record no. 5341)
[ view plain ]
| 000 -LEADER | |
|---|---|
| fixed length control field | 00221nam a2200097Ia 4500 |
| 008 - FIXED-LENGTH DATA ELEMENTS--GENERAL INFORMATION | |
| fixed length control field | 200302s9999 xx 000 0 und d |
| 100 ## - MAIN ENTRY--PERSONAL NAME | |
| Personal name | Archiworld |
| 245 ## - TITLE STATEMENT | |
| Title | Urban Environment |
| 260 ## - PUBLICATION, DISTRIBUTION, ETC. | |
| Name of publisher, distributor, etc. | Archiworld Korea |
| 300 ## - PHYSICAL DESCRIPTION | |
| Extent | 261 |
| Withdrawn status | Lost status | Damaged status | Not for loan | Permanent Location | Current Location | Date acquired | Cost, normal purchase price | Full call number | Barcode | Date last seen | Price effective from | Koha item type |
|---|---|---|---|---|---|---|---|---|---|---|---|---|
| BMS College of Architecture, Design and Planning | BMS College of Architecture, Design and Planning | 2020-03-03 | 4390.40 | 711.409519 | CL-PG23418 | 2020-03-03 | 2020-03-03 | PG Books from CL |